000 006370000a22001930004500
999 _c54120
_d54120
001 768714001
003 CO-MdFUSB
005 20170811111312.0
008 170811s2000 xxu||||| |||| 00| 0 eng d
022 _a0098-9444
040 _aCO-MdFUSB
_bspa
_cCO-MdFUSB
_dCO-MdFUSB
041 _aeng
100 1 _aSudilovsky, Judith
_eautor
245 1 0 _aFrom the ashes :
_bcoastal city destroyed during Maccabean revolt
300 _aVolumen 26. Número 2 (2000), Páginas 20
_c28 cm.
546 _aTexto en inglés
773 0 _tBiblical Archaeology Review
_049395
_959475
_gVolumen 26. Número 2 (2000), Páginas 20
_qPágina 20
942 _cANA